Stan - Eminem Feat. Dido - All Lyrics - Statistics

General Stats
  • This quiz has been taken 378 times
  • The average score is 1023 of 1351
Answer Stats
Answer % Correct
I
99%
a
98%
Oh,
98%
My
97%
my
97%
go,
95%
The
95%
the
95%
all
94%
all,
94%
be
94%
who
94%
you,
94%
you
94%
You
94%
you?
94%
at
93%
I'm
93%
I'ma
93%
It
93%
it,
93%
it
93%
it?
93%
me
93%
me,
93%
of
93%
when
93%
an
92%
on
92%
on,
92%
so
92%
So
92%
why
92%
can
91%
do
91%
"no"
91%
no
91%
see
91%
See,
91%
see?
91%
your
91%
cold,
90%
cold
90%
got
90%
jot
90%
And
89%
and
89%
it's
89%
It's
89%
can't
88%
in
88%
"In
88%
not
88%
out
88%
out?
88%
that
88%
That
88%
window
87%
(Window)
87%
bad,
86%
bad
86%
(Bad)
86%
But
86%
but
86%
but,
86%
He
86%
he
86%
Stan
86%
Stan,
86%
to
86%
To
86%
up
86%
up,
86%
Hey,
85%
if
85%
If
85%
picture
85%
Slim,
85%
wall
85%
gone
83%
even
82%
wondering
82%
bed
81%
call
81%
Call
81%
could,
81%
hear
81%
then
81%
wrote
80%
wrote,
80%
Dear
79%
her?
79%
her
79%
is
79%
is:
79%
rain
79%
reminds
79%
We
79%
we
79%
like
78%
name
78%
fan
77%
fan,
77%
girlfriend
77%
too
77%
too,
77%
Too
77%
too?
77%
was
77%
was,
77%
did
76%
don't
76%
Don't
76%
how
76%
Just
76%
just
76%
sayin'
76%
tea's
76%
this
76%
this,
76%
about
75%
About
75%
'bout
75%
for
75%
have
75%
what
75%
ain't
74%
back
74%
biggest
74%
fuck
74%
shit
74%
shit,
74%
want
74%
'em
73%
know
73%
letter
73%
letter,
73%
morning
73%
pregnant
73%
some
73%
Some
73%
think
73%
would
73%
by
72%
didn't
72%
didn't,
72%
said,
72%
said
72%
she
72%
She
72%
she?
72%
write
72%
Write
72%
father
71%
off
71%
phat
71%
with
71%
brother,
70%
still
70%
his
69%
man?
69%
man
69%
man,
69%
bein'
68%
grey
67%
hope
67%
been
66%
bitch
66%
bitch!
66%
get
66%
little
66%
little,
66%
sorry
66%
ever
65%
had
65%
or
65%
Or
65%
you're
65%
beat
64%
Bonnie
64%
daughter?
64%
daughter,
64%
daughter
64%
I'd
64%
That's
64%
that's
64%
as
63%
car
63%
car,
63%
girlfriend's
63%
must
63%
talk
63%
together
63%
together,
63%
together?
63%
us
63%
clouds
62%
day,
62%
mad,
62%
mad?
62%
post
62%
real,
62%
what's
62%
callin'
61%
him
61%
him?
61%
more
61%
now,
61%
Now
61%
now
61%
should
61%
fucked
60%
trunk
60%
trunk,
60%
two
60%
waited
60%
kill
59%
left
59%
phone
59%
put
59%
read
59%
than
59%
fans
58%
Fans
58%
guess
58%
last
58%
say
58%
way:
58%
answer
57%
bottom
57%
coulda
57%
every
57%
hours,
57%
letters
57%
letters,
57%
likes
57%
over
57%
song
57%
cut
56%
friend
56%
from
56%
home
56%
mom
56%
other
56%
send
56%
six
56%
sleep
56%
There
56%
Uncle
56%
yours,
56%
autograph
55%
bridge
55%
does
55%
I'll
55%
never
55%
one
55%
time
55%
am
53%
Good
53%
How's
53%
pictures,
53%
pictures
53%
shut
53%
tattoo
53%
wants
53%
addresses
52%
dream
52%
dream,
52%
four
52%
himself
52%
office
52%
probably
52%
scream
52%
songs
52%
Try
52%
busy
51%
fuckin'
51%
guy
51%
he's
51%
idol
51%
it'd
51%
knew
51%
old
51%
Sometimes
51%
concert,
50%
down
50%
somethin'
50%
years
50%
are
49%
blisterin'
49%
come
49%
Come
49%
late,
49%
lied
49%
much
49%
only
49%
pager,
49%
Ronnie
49%
wanted
49%
you'll
49%
cell,
48%
chest
48%
growin'
48%
need
48%
problem
48%
shitty,
48%
shitty
48%
24/7
47%
ass
47%
bleeds
47%
'Cause
47%
'cause
47%
Damn
47%
hit
47%
kid
47%
Matthew
47%
Mr.
47%
myself
47%
Night"
47%
perfect
47%
really
47%
sent
47%
show
47%
show,
47%
they
47%
tied
47%
called
46%
freeway
46%
help
46%
posters
46%
signed
46%
underground
46%
used
46%
drive?
45%
meet
45%
saw
45%
across
44%
autumn,
44%
die
44%
drownin'
44%
gotta
44%
months,
44%
people
44%
relate
44%
right
44%
screamin'
44%
tryna
44%
always
43%
each
43%
far
43%
loved
43%
Remember
43%
saved
43%
supposed
43%
doin'
42%
meant
42%
met
42%
neither
42%
news
42%
ninety
42%
ripped
42%
sloppy
42%
vodka,
42%
anyways,
41%
Anyways,
41%
cheat
41%
full
41%
lose
41%
PS:
41%
tell
41%
along
40%
better
40%
cap
40%
chance
40%
Collins,
40%
crazy
40%
forgot,
40%
found
40%
outside
40%
pretty
40%
rush
40%
though
40%
understand
40%
without
40%
chat,
39%
Phil
39%
Sincerely
39%
Skam
39%
adrenaline,
38%
Air
38%
depressed
38%
drank
38%
lousy
38%
make
38%
dare
37%
deserve
37%
diss
37%
jealous
37%
pain
37%
room
37%
truly
37%
word,
37%
fifth
36%
hurt
36%
scribble
36%
Starter
36%
wrists
36%
almost
35%
missed
35%
reaches
35%
she'll
35%
This'll
35%
throat,
35%
treat
35%
Well,
35%
drunk
34%
helps
34%
intentionally
34%
maybe
34%
sendin'
34%
everything
33%
fine
33%
here's
33%
not've
33%
ruined
33%
such
33%
sudden
33%
thousand
33%
Denver?
32%
dude
32%
issues,
32%
made
32%
tape,
32%
before
31%
breathe
31%
respect
31%
seen
31%
suffer
31%
away
30%
drove
30%
kinda
30%
must've
30%
package
30%
rescued
30%
slit
30%
sooner,
30%
weeks
30%
else,
29%
cassette
28%
eats
28%
sick
28%
yourself
28%
couple
27%
drift
27%
drowsy
27%
glad
27%
relax
27%
walls
27%
ago
26%
clownin',
26%
Look,
26%
bouncin'
25%
Rawkus
25%
suffocates
25%
dawg,
24%
type
24%
counselin'
23%
conscience
22%
flattered
22%
inspire
20%
downers
19%
shit'll
10%
No matching quizzes found
Score Distribution
Percent of People with Each Score
Percentile by Number Answered
Your Score History
You have not taken this quiz